000 00994nam a2200265 a 4500
001 000048608
005 20250320094435.0
008 100921s2016 dr 000 0 spa d
020 _a9789945409352
040 _aDO-SdBNP
_bspa
_cBNPHU
082 _a972.93053
_bG216m, 2016
100 1 _aGarcía, Juan Manuel
_d1946-
_953996
245 1 3 _aLa matanza de los haitianos :
_ba la sentencia 168-13 /
_cJuan Manuel García.
250 _a2a. ed.
260 _aSanto Domingo :
_bLibrería la Trinitaria,
_c2016.
300 _a440 p. ;
_c23 cm.
500 _aIncluye referencias bibliográficas y notas al pie de las páginas
504 _aBibliografía: p. 422-440
590 _aInventariado, 2019/VM
650 4 _aHaitianos en república dominicana
_ySIGLO XX
_976063
651 4 _aRepública Dominica
_xMasacre
_y1937
_946032
651 0 _aRepública Dominicana
_xLimites
_zHaití
_955984
651 4 _aHaití
_xLímites
_zRepública Dominicana
_957358
910 _aValidado. Control de calidad MFF
999 _c48096
_d48096